000 00670nam a2200205Ia 4500
003 GCL
008 140319s9999 xx 000 0 ara d
040 _aGCL /
_cGCL
082 0 4 _a787.67
_bص ت
100 1 _aصيانات محمود حمدى
245 1 0 _aتاريخ الة العود وصناعته ودوره فى الحضارات الشرقية والغربية /
_cصيانات محمود حمدى
260 _a[S.N] :
_bدار الفكر العربى
300 _a144 ص
490 _a
650 0 4 _aالموسيقى
650 0 4 _aالالات الموسيقية
650 0 4 _aالموسيقى الشرقية
650 0 4 _aالعود
942 _2ddc
_cBK
999 _c33447
_d33447